000 004530000a22001810004500
003 MACL
005 20151230160516.0
008 151230b xxu||||| |||| 00| 0 eng d
040 _aMACL
_cMACL
041 _aEnglish
082 _a294.592/VIR
100 _aSwami Vireswarananda
_925186
245 _aSrimad Bhagavad Gita
260 _bSri Ramakrishna Math
_c1972
_aMadras
350 _a18
650 _aReligion
_925187
942 _cBK
_k294.592/VIR
_2ddc
999 _c34308
_d34308